[Event "ICS rated blitz match"]
[Site "207.99.83.229"]
[Date "1999.07.13"]
[Round "?"]
[White "star51"]
[Black "Hossa"]
[Result "1-0"]
[WhiteElo "1954"]
[BlackElo "2494"]
[PlyCount "74"]
[EventDate "1999.??.??"]

1. e4 Nf6 2. Nc3 d5 3. e5 d4 4. exf6 dxc3 5. bxc3 exf6 6. d4 Bd6 7. Bd3 O-O 8.
Ne2 Re8 9. O-O Nc6 10. Bf4 Bxf4 11. Nxf4 Qd6 12. g3 Qa3 13. Qh5 g6 14. Nxg6
fxg6 15. Bxg6 Re7 16. Rae1 hxg6 17. Qxg6+ Kf8 18. Qxf6+ Ke8 19. d5 Na5 20. Re3
Rxe3 21. fxe3 b6 22. Qg6+ Kd8 23. Qg8+ Kd7 24. Rf7+ Qe7 25. Rxe7+ Kxe7 26. Qg7+
Kd6 27. e4 Bb7 28. h4 Re8 29. Qg6+ Ke7 30. h5 Rf8 31. h6 a6 32. h7 Kd8 33. Qg7
Re8 34. h8=Q Rxh8 35. Qxh8+ Ke7 36. Qe5+ Kd8 37. g4 37... Nc4 {Hossa resigns}
1-0

[Event "ICS rated blitz match"]
[Site "207.99.83.229"]
[Date "1999.07.13"]
[Round "?"]
[White "Hossa"]
[Black "star51"]
[Result "1-0"]
[WhiteElo "2463"]
[BlackElo "1985"]
[PlyCount "27"]
[EventDate "1999.??.??"]

1. d4 d5 2. c4 e6 3. Nc3 c5 4. cxd5 exd5 5. dxc5 d4 6. Ne4 Bxc5 7. Nxc5 Qa5+ 8.
Bd2 Qxc5 9. Rc1 Qf5 10. Qa4+ Nd7 11. Qxd4 Ngf6 12. Bb4 a5 13. Bd6 Ra6 14. Rxc8#
{star51 checkmated} 1-0

[Event "ICS rated blitz match"]
[Site "207.99.83.229"]
[Date "1999.07.13"]
[Round "?"]
[White "Hossa"]
[Black "Zavros"]
[Result "0-1"]
[WhiteElo "2465"]
[BlackElo "2347"]
[PlyCount "92"]
[EventDate "1999.??.??"]

1. d4 Nf6 2. c4 e6 3. Nc3 d5 4. cxd5 exd5 5. Bg5 Be7 6. Qc2 c6 7. e3 Nbd7 8.
O-O-O h6 9. Bh4 O-O 10. Nge2 Re8 11. f3 b5 12. e4 dxe4 13. Bxf6 Nxf6 14. Nxe4
Be6 15. Kb1 Qa5 16. a3 b4 17. a4 Qd5 18. Nc1 Rab8 19. g3 Rec8 20. Ba6 Rd8 21.
Rhe1 b3 22. Qd3 Rb4 23. Ne2 Qa5 24. Nxf6+ Bxf6 25. Qc3 Qxa4 26. Bd3 c5 27. Nc1
cxd4 28. Qc5 Rd5 29. Qc7 Bd8 30. Qe5 Rxe5 31. Rxe5 a5 32. Rde1 Bf6 33. Rc5 g6
34. Bxg6 Kg7 35. Be4 Rc4 36. Rxc4 Bxc4 37. Nd3 Bxd3+ 38. Bxd3 Qb4 39. Re2 a4
40. f4 a3 41. bxa3 Qxa3 42. Rb2 Qb4 43. Re2 Qc3 44. Bc4 d3 45. h4 dxe2 46. Bxf7
46... Qc2# {Hossa checkmated} 0-1

[Event "ICS rated blitz match"]
[Site "207.99.83.229"]
[Date "1999.07.13"]
[Round "?"]
[White "Lefkas"]
[Black "Hossa"]
[Result "0-1"]
[WhiteElo "1932"]
[BlackElo "2444"]
[PlyCount "28"]
[EventDate "1999.??.??"]

1. e4 Nf6 2. Nc3 d5 3. e5 d4 4. Nce2 Ng4 5. f4 Nc6 6. g3 Qd5 7. h3 Qxh1 8. hxg4
Bxg4 9. d3 f6 10. exf6 exf6 11. Bd2 O-O-O 12. a3 Re8 13. b4 Qxg1 14. b5 14...
Qxg3# {Lefkas checkmated} 0-1

[Event "ICS Rated blitz match"]
[Site "207.99.83.229"]
[Date "1999.07.13"]
[Round "?"]
[White "brutus"]
[Black "Hossa"]
[Result "0-1"]
[WhiteElo "2083"]
[BlackElo "2446"]
[PlyCount "72"]
[EventDate "1999.??.??"]

1. e4 g6 2. d4 Bg7 3. Nc3 d6 4. f4 Nd7 5. Nf3 e5 6. Be3 Nh6 7. h3 exf4 8. Bxf4
f5 9. Qd2 fxe4 10. Bxh6 Bxh6 11. Qxh6 exf3 12. O-O-O f2 13. Bc4 Rf8 14. Rhf1
Nb6 15. Bd3 Qe7 16. Rd2 Be6 17. Rdxf2 Rxf2 18. Rxf2 O-O-O 19. Re2 Qf7 20. Qe3
Bxa2 21. Nxa2 Qxa2 22. b3 d5 23. Qe6+ Kb8 24. Rf2 Qa1+ 25. Kd2 Qxd4 26. Rf7 Qg1
27. Qe7 Qxg2+ 28. Kc1 Rc8 29. Rxh7 Qg3 30. Qf7 Qe1+ 31. Kb2 Qe5+ 32. Kc1 g5 33.
Bf5 Re8 34. Bg4 Qa1+ 35. Kd2 Qe1+ 36. Kd3 36... Qe3# {brutus checkmated} 0-1

[Event "ICS rated blitz match"]
[Site "207.99.83.229"]
[Date "1999.07.13"]
[Round "?"]
[White "brutus"]
[Black "Hossa"]
[Result "0-1"]
[WhiteElo "2108"]
[BlackElo "2421"]
[PlyCount "20"]
[EventDate "1999.??.??"]

1. e4 Nf6 2. Nc3 d5 3. e5 d4 4. exf6 dxc3 5. fxe7 cxd2+ 6. Bxd2 Qxe7+ 7. Qe2
Be6 8. O-O-O Bxa2 9. b3 Qxe2 10. Bxe2 10... Ba3# {brutus checkmated} 0-1

[Event "ICS rated blitz match"]
[Site "207.99.83.229"]
[Date "1999.07.13"]
[Round "?"]
[White "Hossa"]
[Black "brutus"]
[Result "1-0"]
[WhiteElo "2426"]
[BlackElo "2103"]
[PlyCount "119"]
[EventDate "1999.??.??"]

1. d4 Nf6 2. c4 g6 3. Nc3 d5 4. cxd5 Nxd5 5. e4 Nxc3 6. bxc3 Bg7 7. Bc4 O-O 8.
Ne2 b6 9. O-O Bb7 10. Qd3 c5 11. Be3 cxd4 12. cxd4 Nc6 13. Rac1 Rc8 14. f4 Na5
15. Bb5 Rxc1 16. Rxc1 Qb8 17. Bd7 Rd8 18. Bg4 e6 19. Bf2 Rc8 20. Rxc8+ Qxc8 21.
Nc3 Qc4 22. Qxc4 Nxc4 23. Be2 Nd6 24. Bf3 b5 25. a3 a5 26. e5 Bxf3 27. gxf3 b4
28. exd6 bxc3 29. d7 Bf6 30. Kf1 c2 31. Be3 Kf8 32. Ke2 Ke7 33. Kd2 Kxd7 34. a4
Kc6 35. Kxc2 Kd5 36. Bd2 Bxd4 37. Bxa5 Be3 38. Bd2 Bxd2 39. Kxd2 Kc4 40. Ke3
Kb4 41. a5 Kxa5 42. Kd4 f6 43. Kc5 g5 44. Kd6 e5 45. fxe5 fxe5 46. Kxe5 Kb5 47.
Kf6 h6 48. Kg6 Kc5 49. Kxh6 Kd5 50. Kxg5 Ke6 51. h4 Kf7 52. f4 Kg7 53. f5 Kf7
54. h5 Kg7 55. h6+ Kh7 56. f6 Kg8 57. Kf5 Kf7 58. h7 Kf8 59. Ke6 Ke8 60. h8=Q#
{brutus checkmated} 1-0

[Event "ICS rated blitz match"]
[Site "207.99.83.229"]
[Date "1999.07.13"]
[Round "?"]
[White "brutus"]
[Black "Hossa"]
[Result "0-1"]
[WhiteElo "2099"]
[BlackElo "2430"]
[PlyCount "42"]
[EventDate "1999.??.??"]

1. e4 Nf6 2. Nc3 d5 3. e5 d4 4. exf6 dxc3 5. fxe7 cxd2+ 6. Bxd2 Qxe7+ 7. Be2
Nc6 8. Nf3 Be6 9. O-O O-O-O 10. Bb5 Qc5 11. Qe2 Rxd2 12. Nxd2 Nd4 13. Qd3 Nxb5
14. c4 Qd4 15. Qc2 Nd6 16. c5 Nc4 17. Rfd1 Nxb2 18. Nb3 Bxb3 19. Rxd4 Bxc2 20.
Rd2 Be4 21. Rxb2 21... Bxc5 {brutus resigns} 0-1

[Event "ICS Rated standard match"]
[Site "207.99.83.229"]
[Date "1999.07.13"]
[Round "?"]
[White "RomanCamp4"]
[Black "Hossa"]
[Result "0-1"]
[WhiteElo "2200"]
[BlackElo "2185"]
[PlyCount "29"]
[EventDate "1999.??.??"]

1. e4 c5 2. Nf3 e6 3. Bc4 d5 4. exd5 exd5 5. Bxd5 Qxd5 6. Nc3 Qe6+ 7. Kf1 Nc6
8. Qe1 Qxe1+ 9. Kxe1 Bg4 10. Ng5 Nb4 11. f3 Nxc2+ 12. Ke2 Nxa1 13. fxg4 Nf6 14.
Rf1 Be7 15. Rxf6 {RomanCamp4 resigns} 0-1

[Event "ICS Rated standard match"]
[Site "207.99.83.229"]
[Date "1999.07.13"]
[Round "?"]
[White "Hossa"]
[Black "WILDKNIGHTS"]
[Result "1-0"]
[WhiteElo "2186"]
[BlackElo "1892"]
[PlyCount "63"]
[EventDate "1999.??.??"]

1. e4 d5 2. exd5 Nf6 3. d4 Bg4 4. Bb5+ Nbd7 5. f3 Bf5 6. Nc3 a6 7. Bd3 Bxd3 8.
Qxd3 Nb6 9. Bg5 Nfxd5 10. Nge2 Nxc3 11. Nxc3 Nd5 12. Qe4 Nxc3 13. bxc3 c6 14.
Rb1 Qd7 15. O-O e6 16. c4 h6 17. Be3 Be7 18. Qg4 Bf6 19. c3 O-O-O 20. Qe4 c5
21. Rfd1 Rhe8 22. Rb6 Re7 23. Rdb1 cxd4 24. Rxb7 Qxb7 25. Rxb7 Rxb7 26. Bxd4
Bxd4+ 27. cxd4 Rc7 28. Qa8+ Kd7 29. Qxa6 Ke7 30. Qa3+ Rd6 31. Qb4 Kf6 32. Qxd6
{WILDKNIGHTS resigns} 1-0

[Event "ICS rated blitz match"]
[Site "207.99.83.229"]
[Date "1999.07.13"]
[Round "?"]
[White "mkarp"]
[Black "Hossa"]
[Result "0-1"]
[WhiteElo "2204"]
[BlackElo "2441"]
[PlyCount "40"]
[EventDate "1999.??.??"]

1. e4 Nf6 2. e5 Nd5 3. d4 d6 4. Bc4 Nb6 5. Be2 Nc6 6. exd6 Qxd6 7. c3 Bf5 8.
Na3 Qg6 9. Bf3 O-O-O 10. Qb3 e5 11. Ne2 Be4 12. Be3 Bxf3 13. gxf3 Bxa3 14. Qxa3
Nc4 15. Qb3 N6a5 16. Qa4 exd4 17. Nxd4 c5 18. Nb5 Qg2 19. Ke2 Rd2+ 20. Bxd2
20... Re8+ {mkarp resigns} 0-1

[Event "ICS rated blitz match"]
[Site "207.99.83.229"]
[Date "1999.07.13"]
[Round "?"]
[White "Hossa"]
[Black "mkarp"]
[Result "1-0"]
[WhiteElo "2448"]
[BlackElo "2197"]
[PlyCount "55"]
[EventDate "1999.??.??"]

1. d4 Nf6 2. c4 c6 3. Bg5 Ne4 4. Bh4 g5 5. Qc2 Qa5+ 6. Kd1 d5 7. f3 Nd6 8. Bxg5
Nxc4 9. e4 Nd6 10. Bd2 Qb6 11. Ne2 Bg7 12. Bc3 Na6 13. Nd2 Nc7 14. Nb3 Ncb5 15.
Ba5 Qa6 16. a4 Nc4 17. axb5 cxb5 18. Bd2 Qd6 19. Nc3 Nxd2 20. Bxb5+ Bd7 21.
Qxd2 O-O 22. Bxd7 Qxd7 23. Nxd5 e6 24. Nc5 Qd6 25. Nxb7 Qd7 26. Nc5 Qb5 27. Nc7
Qc4 28. Ra4 {mkarp resigns} 1-0

[Event "ICS rated blitz match"]
[Site "207.99.83.229"]
[Date "1999.07.13"]
[Round "?"]
[White "Hossa"]
[Black "BabaHasan"]
[Result "0-1"]
[WhiteElo "2454"]
[BlackElo "2281"]
[PlyCount "106"]
[EventDate "1999.??.??"]

1. d4 d5 2. c4 e6 3. Nc3 Nf6 4. cxd5 exd5 5. Bg5 Be7 6. Qa4+ c6 7. e3 O-O 8.
O-O-O Nbd7 9. Bd3 a5 10. Nge2 b5 11. Qc2 a4 12. Bf5 b4 13. Nxa4 Rxa4 14. Qxa4
b3 15. Qxb3 Ba6 16. Qc2 Nb6 17. Bxf6 Bxf6 18. Bxh7+ Kh8 19. Bd3 Qa8 20. Nc3 Rb8
21. h4 Nc4 22. Qe2 Kg8 23. b3 Bb5 24. bxc4 dxc4 25. Bxc4 Qa3+ 26. Kd2 Qb2+ 27.
Kd3 Bxc4+ 28. Kxc4 Qb4+ 29. Kd3 Qa3 30. Qg4 c5 31. f3 c4+ 32. Kxc4 Qa6+ 33. Kd5
Qb7+ 34. Kd6 Rc8 35. Qxc8+ Qxc8 36. Ne4 Bd8 37. Ra1 Bb6 38. Ng5 f6 39. Ne4 Kf7
40. Nc5 Qa8 41. Nd7 Bd8 42. h5 Qa6+ 43. Kd5 Qe6+ 44. Kc5 Qxd7 45. Kc4 Qc6+ 46.
Kb3 Qb5+ 47. Kc2 Qc4+ 48. Kb1 Qc3 49. Rd1 Be7 50. Rc1 Qd3+ 51. Rc2 Ba3 52. f4
Qd1+ 53. Rc1 53... Qxc1# {Hossa checkmated} 0-1

[Event "ICS rated blitz match"]
[Site "207.99.83.229"]
[Date "1999.07.13"]
[Round "?"]
[White "BabaHasan"]
[Black "Hossa"]
[Result "0-1"]
[WhiteElo "2304"]
[BlackElo "2431"]
[PlyCount "25"]
[EventDate "1999.??.??"]

1. e4 Nf6 2. e5 Nd5 3. c4 Nb6 4. c5 Nd5 5. Bc4 e6 6. Nc3 Nc6 7. d4 Nxc3 8. bxc3
d6 9. cxd6 cxd6 10. exd6 Bxd6 11. Nf3 O-O 12. O-O e5 13. Ba3 {BabaHasan resigns
} 0-1

[Event "ICS rated blitz match"]
[Site "207.99.83.229"]
[Date "1999.07.13"]
[Round "?"]
[White "Hossa"]
[Black "BabaHasan"]
[Result "1/2-1/2"]
[WhiteElo "2441"]
[BlackElo "2294"]
[PlyCount "197"]
[EventDate "1999.??.??"]

1. d4 e6 2. e4 d5 3. Nc3 Nf6 4. e5 Nfd7 5. Bb5 c6 6. Ba4 b5 7. Bb3 a5 8. Qh5 g6
9. Qg4 h5 10. Qg3 a4 11. Bg5 Be7 12. Bxe7 Qxe7 13. Bxa4 bxa4 14. Nge2 a3 15.
bxa3 Nb6 16. O-O Nc4 17. a4 Ba6 18. Rfb1 Nd7 19. Nf4 g5 20. Nd3 h4 21. Qg4 Nd2
22. Rd1 Nc4 23. Rdb1 Na5 24. Nb4 Bc4 25. Nd3 c5 26. Nb5 Bxb5 27. Rxb5 cxd4 28.
Qxd4 Nc4 29. Rb4 O-O 30. Rab1 Rab8 31. c3 Ra8 32. f4 Nd2 33. Ra1 Ne4 34. fxg5
Qxg5 35. Rb7 h3 36. Rb2 Rab8 37. Rc2 Rbc8 38. Rb2 Rxc3 39. Re1 Rc4 40. Qa7 Ndc5
41. Nxc5 Qe3+ 42. Kf1 Qxc5 43. Qxc5 Rxc5 44. gxh3 Ra8 45. h4 Rxa4 46. Re3 Rac4
47. Rg2+ Kh7 48. Rb2 Rc1+ 49. Re1 Rxe1+ 50. Kxe1 Rc1+ 51. Ke2 Rg1 52. Kf3 Rf1+
53. Kg2 Ra1 54. Kh3 Kh6 55. Re2 Rd1 56. Kg4 Rd3 57. Kf4 Nd2 58. Rg2 Rf3+ 59.
Kg4 Rd3 60. Kf4 Nc4 61. Re2 Rh3 62. Kg4 Re3 63. Rxe3 Nxe3+ 64. Kf4 Nc4 65. a4
Kh5 66. Kg3 Nxe5 67. Kf4 Nc6 68. a5 Nxa5 69. Kg3 Nc6 70. Kh3 e5 71. Kg2 d4 72.
Kf3 d3 73. Ke3 e4 74. Kxe4 d2 75. Kf5 d1=Q 76. Ke4 Qd4+ 77. Kf3 Ne5+ 78. Ke2
Qd3+ 79. Kf2 Qe3+ 80. Kxe3 Kxh4 81. Kf4 Ng6+ 82. Kf5 Nh8 83. Kf6 Kh3 84. Kg5
Kxh2 85. Kh4 Kg2 86. Kg4 Kf2 87. Kf4 Ke2 88. Ke4 Kd2 89. Kf5 Kd3 90. Kf4 Kd4
91. Kf5 Kd5 92. Kf4 Kd6 93. Kf5 Ke7 94. Ke5 f6+ 95. Kd5 Kf7 96. Kd6 Ng6 97. Kd5
f5 98. Kc5 Kf6 99. Kd4 {
BabaHasan ran out of time and Hossa has no material to mate} 1/2-1/2

[Event "ICS rated blitz match"]
[Site "207.99.83.229"]
[Date "1999.07.13"]
[Round "?"]
[White "BabaHasan"]
[Black "Hossa"]
[Result "0-1"]
[WhiteElo "2300"]
[BlackElo "2435"]
[PlyCount "50"]
[EventDate "1999.??.??"]

1. e4 Nf6 2. e5 Nd5 3. c4 Nb6 4. c5 Nd5 5. Bc4 e6 6. d4 Nc6 7. Nc3 Nxc3 8. bxc3
d6 9. cxd6 cxd6 10. f4 dxe5 11. fxe5 Nxe5 12. Bb5+ Bd7 13. Bxd7+ Nxd7 14. Nf3
Qc7 15. O-O Qxc3 16. Bg5 f6 17. Rc1 Qa5 18. Qb3 fxg5 19. Qxe6+ Kd8 20. Ne5 Nxe5
21. Rc5 Bxc5 22. dxc5 Qxc5+ 23. Kh1 Kc7 24. Re1 Raf8 25. h3 25... Nd3 {
BabaHasan resigns} 0-1

[Event "ICS rated blitz match"]
[Site "207.99.83.229"]
[Date "1999.07.13"]
[Round "?"]
[White "Hossa"]
[Black "BabaHasan"]
[Result "1-0"]
[WhiteElo "2445"]
[BlackElo "2290"]
[PlyCount "43"]
[EventDate "1999.??.??"]

1. d4 Nf6 2. c4 g6 3. Nc3 Bg7 4. e4 d6 5. f3 O-O 6. Be3 e5 7. Nge2 Nc6 8. d5
Ne7 9. Qd2 Nh5 10. g4 Nf4 11. Nxf4 exf4 12. Bxf4 f5 13. gxf5 gxf5 14. O-O-O
fxe4 15. Nxe4 Bf5 16. Rg1 Kh8 17. Rxg7 Kxg7 18. Bh6+ Kf7 19. Ng5+ Ke8 20. Bxf8
Kxf8 21. Bd3 Qd7 22. Nxh7+ {BabaHasan resigns} 1-0

[Event "ICS Rated blitz match"]
[Site "207.99.83.229"]
[Date "1999.07.13"]
[Round "?"]
[White "Hossa"]
[Black "brutus"]
[Result "1-0"]
[WhiteElo "2454"]
[BlackElo "2090"]
[PlyCount "97"]
[EventDate "1999.??.??"]

1. d4 Nf6 2. c4 g6 3. Nc3 d5 4. cxd5 Nxd5 5. e4 Nxc3 6. bxc3 Bg7 7. Bc4 O-O 8.
Ne2 b6 9. O-O Bb7 10. Qd3 Nd7 11. Be3 c5 12. Rab1 cxd4 13. cxd4 e5 14. d5 Qf6
15. f4 Qd6 16. Nc3 Nc5 17. Qe2 exf4 18. Bxf4 Be5 19. Nb5 Qe7 20. Rbc1 Bxf4 21.
Rxf4 Ba6 22. Qf3 Bxb5 23. Bxb5 Qe5 24. Rf1 Qd4+ 25. Kh1 Qg7 26. Rf6 a6 27. Bc6
Rab8 28. e5 b5 29. Rc1 Nb7 30. Qa3 Nd8 31. Bd7 Qh6 32. Qb2 Qe3 33. Rxa6 b4 34.
Rf6 Kg7 35. Qa1 Nb7 36. Rc7 Nc5 37. Rf3 Qd2 38. Rxc5 Rfd8 39. e6+ f6 40. Qxf6+
Kg8 41. e7 Qe1+ 42. Rf1 Qxf1+ 43. Qxf1 Re8 44. Bxe8 Rxe8 45. d6 Kg7 46. d7 Rxe7
47. d8=Q Rf7 48. Qa1+ Kh6 49. Qh4# {brutus checkmated} 1-0

[Event "ICS rated blitz match"]
[Site "207.99.83.229"]
[Date "1999.07.13"]
[Round "?"]
[White "brutus"]
[Black "Hossa"]
[Result "1/2-1/2"]
[WhiteElo "2086"]
[BlackElo "2458"]
[PlyCount "64"]
[EventDate "1999.??.??"]

1. e4 Nf6 2. Nc3 d5 3. e5 d4 4. exf6 dxc3 5. fxe7 cxd2+ 6. Bxd2 Qxe7+ 7. Qe2
Be6 8. O-O-O Bxa2 9. Qb5+ c6 10. Qa5 Bd5 11. Re1 Be6 12. Bc4 Nd7 13. Bxe6 fxe6
14. Nf3 Qd6 15. Re3 Nc5 16. Rhe1 Kf7 17. Ng5+ Kg8 18. Nxe6 Nxe6 19. Rxe6 Qd7
20. Qa2 Qf7 21. Kb1 Rd8 22. Bc3 Rd5 23. Qxa7 Qh5 24. Qe3 Rd1+ 25. Rxd1 Qxd1+
26. Ka2 Qxc2 27. Re8 Qa4+ 28. Kb1 Qd1+ 29. Ka2 Qa4+ 30. Kb1 Qd1+ 31. Ka2 Qa4+
32. Kb1 32... Qd1+ {Game drawn by repetition} 1/2-1/2

[Event "ICS rated blitz match"]
[Site "207.99.83.229"]
[Date "1999.07.13"]
[Round "?"]
[White "Hossa"]
[Black "brutus"]
[Result "1-0"]
[WhiteElo "2445"]
[BlackElo "2099"]
[PlyCount "69"]
[EventDate "1999.??.??"]

1. d4 Nf6 2. c4 g6 3. Nc3 d5 4. cxd5 Nxd5 5. e4 Nxc3 6. bxc3 Bg7 7. Bc4 O-O 8.
Ne2 Nc6 9. h4 Na5 10. Bb3 c5 11. h5 Nxb3 12. axb3 cxd4 13. hxg6 fxg6 14. cxd4
Qd6 15. Bh6 Bg4 16. f3 Bxh6 17. Rxh6 Be6 18. Kf2 Qb4 19. Rb1 Rac8 20. d5 Bd7
21. Ra1 a6 22. Kg1 Bb5 23. Nd4 Rc3 24. Ne6 Rfc8 25. Kh1 Rd3 26. Qb1 Qd2 27. f4
Rc2 28. Qg1 Rg3 29. Rh2 Qf2 30. Nd4 Rb2 31. Rc1 Qxg1+ 32. Kxg1 Rd3 33. Rc8+ Kg7
34. Ne6+ Kf6 35. Rf8# {brutus checkmated} 1-0

[Event "ICS rated blitz match"]
[Site "207.99.83.229"]
[Date "1999.07.13"]
[Round "?"]
[White "brutus"]
[Black "Hossa"]
[Result "0-1"]
[WhiteElo "2095"]
[BlackElo "2449"]
[PlyCount "23"]
[EventDate "1999.??.??"]

1. e4 Nf6 2. Nc3 d5 3. e5 d4 4. exf6 dxc3 5. fxe7 cxd2+ 6. Bxd2 Qxe7+ 7. Qe2
Be6 8. Nf3 Nc6 9. O-O-O O-O-O 10. Kb1 f6 11. Qb5 Qc5 12. Be3 {brutus resigns}
0-1

[Event "ICS rated blitz match"]
[Site "207.99.83.229"]
[Date "1999.07.13"]
[Round "?"]
[White "Hossa"]
[Black "SuperChicken"]
[Result "0-1"]
[WhiteElo "2463"]
[BlackElo "2692"]
[PlyCount "84"]
[EventDate "1999.??.??"]

1. d4 d5 2. c4 e6 3. Nc3 Nf6 4. cxd5 Nxd5 5. e4 Nxc3 6. bxc3 c5 7. Nf3 Be7 8.
Bb5+ Bd7 9. Rb1 Qc7 10. Qb3 b6 11. Ne5 O-O 12. Nxd7 Nxd7 13. O-O Nf6 14. f3
Rfd8 15. Be3 a6 16. Bd3 b5 17. Qb2 cxd4 18. cxd4 Rac8 19. Rbc1 Qd7 20. Qf2 Bb4
21. Rxc8 Rxc8 22. Rc1 Rxc1+ 23. Bxc1 Qc7 24. Bg5 Qc3 25. Bf1 Ba3 26. Bxf6 gxf6
27. Qg3+ Kf8 28. Qb8+ Ke7 29. Qa7+ Kf8 30. Kh1 Qc8 31. Qb6 Kg7 32. Kg1 Qc3 33.
h3 Bb4 34. e5 fxe5 35. Qxa6 Qxd4+ 36. Kh2 Bc5 37. Qc6 Qg1+ 38. Kg3 Bf2+ 39. Kg4
Qxf1 40. Qxe6 fxe6 41. a4 Qxg2+ 42. Kh5 42... Qg6# {Hossa checkmated} 0-1

[Event "ICS rated blitz match"]
[Site "207.99.83.229"]
[Date "1999.07.13"]
[Round "?"]
[White "zhora"]
[Black "Hossa"]
[Result "0-1"]
[WhiteElo "2142"]
[BlackElo "2456"]
[PlyCount "54"]
[EventDate "1999.??.??"]

1. Nc3 Nf6 2. e4 e5 3. d3 Bb4 4. a3 Bxc3+ 5. bxc3 d5 6. f3 O-O 7. g3 dxe4 8.
fxe4 Nc6 9. Nf3 a6 10. Bg2 Bg4 11. O-O Qc8 12. Bg5 Nh5 13. Qd2 f6 14. Be3 Bh3
15. Nh4 Bxg2 16. Kxg2 Qg4 17. Qf2 Rad8 18. h3 Qd7 19. g4 f5 20. Nxf5 Nf6 21.
Qh4 Ne7 22. Qg5 Nxf5 23. Rxf5 Qa4 24. Rf2 Nxe4 25. dxe4 Qxe4+ 26. Kg3 h6 27.
Rxf8+ 27... Rxf8 {zhora resigns} 0-1

[Event "ICS rated blitz match"]
[Site "207.99.83.229"]
[Date "1999.07.13"]
[Round "?"]
[White "Hossa"]
[Black "cayest"]
[Result "1-0"]
[WhiteElo "2461"]
[BlackElo "1924"]
[PlyCount "129"]
[EventDate "1999.??.??"]

1. d4 Nf6 2. c4 c5 3. d5 b5 4. Nc3 e6 5. Bg5 b4 6. Ne4 d6 7. Nh3 e5 8. Bxf6
gxf6 9. Qb3 a5 10. O-O-O a4 11. Qf3 Bg7 12. e3 Kf8 13. Qg3 h6 14. f4 f5 15. Nd2
e4 16. Nb1 a3 17. bxa3 bxa3 18. Nf2 Qf6 19. Rd2 Bd7 20. Nd1 Ba4 21. Ndc3 Nd7
22. Be2 Nb6 23. Qh3 Bd7 24. g4 Na4 25. Nxa4 Rxa4 26. Rc2 Qa1 27. Kd2 Rb4 28.
Qf1 Rb2 29. Qc1 Qxa2 30. gxf5 Rxc2+ 31. Qxc2 Qxc2+ 32. Kxc2 a2 33. Nc3 Bxc3 34.
Kxc3 Bxf5 35. Ra1 Rg8 36. Rxa2 Rg2 37. h4 Bg4 38. Ra8+ Ke7 39. Bxg4 Rxg4 40.
Ra7+ Kf6 41. Rd7 Rxh4 42. Rxd6+ Ke7 43. Rc6 Rh1 44. Rxc5 h5 45. Rc7+ Ke8 46.
Kd4 h4 47. Kxe4 h3 48. c5 Rf1 49. Rc8+ Kd7 50. Rh8 Rc1 51. c6+ Kc7 52. Rxh3
Rc4+ 53. Ke5 Rc2 54. Rh7 Kb6 55. Rxf7 Rc5 56. e4 Rb5 57. Rb7+ Kc5 58. Rxb5+
Kxb5 59. c7 Kc5 60. c8=Q+ Kb4 61. Kd4 Kb3 62. Qc3+ Ka2 63. Qb4 Ka1 64. Kc3 Ka2
65. Qb2# {cayest checkmated} 1-0

[Event "ICS rated blitz match"]
[Site "207.99.83.229"]
[Date "1999.07.13"]
[Round "?"]
[White "Amateur"]
[Black "Hossa"]
[Result "1-0"]
[WhiteElo "2474"]
[BlackElo "2462"]
[PlyCount "70"]
[EventDate "1999.??.??"]

1. c4 e5 2. Nc3 Nf6 3. Nf3 Nc6 4. g3 d5 5. cxd5 Nxd5 6. Bg2 Nxc3 7. bxc3 e4 8.
Ng1 Bf5 9. Qb3 Qd7 10. Qxb7 Rb8 11. Qa6 Bd6 12. Qa4 O-O 13. Bxe4 Bxe4 14. Qxe4
Bc5 15. Nf3 Rfe8 16. Qc4 Bb6 17. O-O Na5 18. Qa6 c5 19. d4 cxd4 20. cxd4 Nc6
21. Bf4 Bxd4 22. Rad1 Rbd8 23. e3 Qe6 24. exd4 Nxd4 25. Qxe6 Nxe6 26. Be3 a6
27. Rxd8 Rxd8 28. Rb1 h6 29. Rb6 a5 30. Ra6 Rd5 31. Bb6 Rd6 32. Ra8+ Kh7 33.
Bxa5 Rd3 34. Ne5 Ra3 35. Nxf7 35... Rxa2 {Hossa resigns} 1-0

[Event "ICS rated blitz match"]
[Site "207.99.83.229"]
[Date "1999.07.13"]
[Round "?"]
[White "mkarp"]
[Black "Hossa"]
[Result "0-1"]
[WhiteElo "2191"]
[BlackElo "2447"]
[PlyCount "86"]
[EventDate "1999.??.??"]

1. e4 Nf6 2. Nc3 d5 3. exd5 Nxd5 4. g3 e5 5. Bg2 Nxc3 6. bxc3 Bd6 7. Nf3 O-O 8.
O-O c5 9. d3 Nd7 10. Nd2 Nf6 11. Rb1 Rb8 12. Nc4 Qe7 13. Nxd6 Qxd6 14. Re1 Re8
15. Bg5 Bg4 16. Qc1 Nd5 17. Qa3 b6 18. c4 Nb4 19. Qxa7 Nxc2 20. Rec1 Nd4 21. h3
Ne2+ 22. Kh2 Nxc1 23. hxg4 Nxd3 24. Be3 Qg6 25. Bd5 Nxf2 26. Bxf2 Qxb1 27.
Bxf7+ Kh8 28. Bxe8 Rxe8 29. a4 Qc2 30. Qd7 Qxf2+ 31. Kh3 Qf1+ 32. Kh2 Rf8 33.
Qf5 Rxf5 34. gxf5 Qxf5 35. Kg2 Qc2+ 36. Kf3 Qxc4 37. Ke3 Qxa4 38. Kf3 Qc6+ 39.
Kf2 Qe4 40. Kg1 Qf3 41. Kh2 Qf2+ 42. Kh3 h5 43. Kh4 43... Qf5 {mkarp resigns}
0-1

[Event "ICS rated blitz match"]
[Site "207.99.83.229"]
[Date "1999.07.13"]
[Round "?"]
[White "Hossa"]
[Black "mkarp"]
[Result "1-0"]
[WhiteElo "2453"]
[BlackElo "2185"]
[PlyCount "53"]
[EventDate "1999.??.??"]

1. d4 d5 2. c4 c6 3. Nc3 Nf6 4. cxd5 cxd5 5. f3 Nc6 6. e4 e5 7. dxe5 Nxe5 8.
Nxd5 Nxd5 9. Qxd5 Qxd5 10. exd5 Bc5 11. Bf4 Ng6 12. Ne2 Bf5 13. Rc1 Bb6 14. Bc7
O-O 15. Bxb6 axb6 16. Ng3 Bd7 17. Rc7 Rfd8 18. Rxb7 Rxa2 19. Rxb6 Ra1+ 20. Kf2
Nf4 21. Bc4 Ra5 22. b4 Ra3 23. Rc1 g6 24. Ne2 Nd3+ 25. Bxd3 Rxd3 26. Nf4 Rd4
27. Ke3 {mkarp resigns} 1-0

[Event "ICS Rated blitz match"]
[Site "207.99.83.229"]
[Date "1999.07.14"]
[Round "?"]
[White "heatstroke"]
[Black "Hossa"]
[Result "1-0"]
[WhiteElo "2619"]
[BlackElo "2459"]
[PlyCount "81"]
[EventDate "1999.??.??"]

1. e4 Nf6 2. Nc3 d5 3. e5 d4 4. exf6 dxc3 5. fxg7 Bxg7 6. bxc3 e5 7. Bd3 Qd5 8.
Qf3 Qxf3 9. Nxf3 O-O 10. Ba3 Rd8 11. Ng5 Bh6 12. Be7 Rd7 13. Bf6 Bxg5 14. Bxg5
Nc6 15. O-O Rd6 16. Rfe1 f6 17. Be3 f5 18. Bc5 Rg6 19. Bb5 b6 20. Ba3 Bb7 21.
Bc4+ Kh8 22. Bf7 Rg7 23. Bd5 Rd8 24. c4 Nd4 25. Bxb7 c6 26. Ba6 Nf3+ 27. Kh1
Nxe1 28. Rxe1 Rxd2 29. Bb2 Kg8 30. Bxe5 Re7 31. f4 Rxc2 32. Bc8 Rxc4 33. Rd1
Rc2 34. Kg1 Rxa2 35. Bxf5 Re2 36. Rd8+ Kf7 37. Bxh7 Re1+ 38. Kf2 Rh1 39. Bg8+
Kg6 40. Rd6+ Kf5 41. Bc4 {Hossa resigns} 1-0

[Event "ICS rated blitz match"]
[Site "207.99.83.229"]
[Date "1999.07.14"]
[Round "?"]
[White "Hossa"]
[Black "heatstroke"]
[Result "0-1"]
[WhiteElo "2450"]
[BlackElo "2628"]
[PlyCount "122"]
[EventDate "1999.??.??"]

1. d4 d5 2. c4 e6 3. Nc3 Nf6 4. cxd5 Nxd5 5. e4 Nf6 6. Bb5+ Bd7 7. Bxd7+ Qxd7
8. Bg5 Be7 9. Nge2 O-O 10. Qb3 b6 11. O-O Nc6 12. Rad1 Rad8 13. Qc4 Rfe8 14. f3
Nd5 15. Bxe7 Ndxe7 16. f4 f5 17. Rd3 Na5 18. Qa6 Nec6 19. a3 fxe4 20. Nxe4 Qd5
21. N4c3 Qb3 22. Rb1 Rd7 23. Kh1 Red8 24. Rdd1 Qc4 25. Qxc4 Nxc4 26. Re1 Nxd4
27. Nxd4 Rxd4 28. g3 Rd2 29. Nb5 c6 30. Nxa7 c5 31. Rxe6 Rd1+ 32. Rxd1 Rxd1+
33. Kg2 Rd2+ 34. Kh3 Kf7 35. Re4 Nd6 36. Re3 Rxb2 37. g4 Nc4 38. Rc3 Nd2 39.
Nc6 Nf1 40. Ne5+ Ke6 41. Nf3 Kd5 42. f5 Ke4 43. Kh4 Ne3 44. Ng5+ Kd4 45. Rc1
Rxh2+ 46. Kg3 Ra2 47. Ne6+ Ke4 48. Re1 Rxa3 49. Kf2 Ra2+ 50. Kg3 Rg2+ 51. Kh3
Rf2 52. Nxg7 c4 53. g5 b5 54. f6 Rf3+ 55. Kh4 c3 56. Rc1 b4 57. Ra1 c2 58. Ne6
Nf5+ 59. Kg4 Rg3+ 60. Kh5 Rh3+ 61. Kg4 61... Rh4# {Hossa checkmated} 0-1